ATP Tour 2022 tournaments on a map - Statistics

General Stats
  • This quiz has been taken 188 times
  • The average score is 47 of 71
Answers on the Map
Answers color-coded by a green-red scale on the quiz's map according to % correct below.
 
Answer Stats
Classification Surface Tournament % Correct
ATP Masters 1000 Outdoor Hard Miami Open presented by Itau
95%
ATP Masters 1000 Clay Mutua Madrid Open
95%
ATP Masters 1000 Indoor Hard Rolex Paris Masters
94%
ATP 500 Clay Barcelona Open Banc Sabadell
91%
ATP Masters 1000 Clay Internazionali BNL d'Italia
91%
Grand Slam Grass Wimbledon
91%
ATP Masters 1000 Outdoor Hard National Bank Open Presented by Rogers
89%
Grand Slam Outdoor Hard US Open
89%
Grand Slam Clay Rolland Garros
87%
Grand Slam Outdoor Hard Australian Open
86%
ATP Masters 1000 Clay Rolex Monte-Carlo Masters
86%
ATP 500 Grass Cinch Championships
85%
ATP 500 Outdoor Hard Dubai Duty Free Tennis Championships
85%
ATP 500 Clay Rio Open presented by Claro
85%
ATP 250 Clay Argentina Open
84%
ATP 500 Outdoor Hard Citi Open
83%
ATP 500 Indoor Hard Erste Bank Open
83%
ATP 500 Outdoor Hard Rakuten Japan Open Tennis Championships
83%
ATP Masters 1000 Outdoor Hard BNP Paribas Open
82%
ATP 250 Outdoor Hard Sydney Tennis Classic
82%
ATP 250 Outdoor Hard Melbourne Summer Set
80%
ATP 250 Outdoor Hard Qatar ExxonMobil Open
78%
ATP 250 Clay Chile Dove Men+Care Open
77%
ATP 500 Clay Hamburg European Open
77%
ATP 250 Indoor Hard Stockholm Open
77%
ATP 250 Indoor Hard Dallas Open
76%
ATP 500 Indoor Hard ABN AMRO Open
75%
ATP 250 Clay Fayez Sarofim & Co. U.S. Men's Clay Court Championship
74%
Finals Indoor Hard Nitto ATP Finals
74%
ATP 250 Indoor Hard Open 13 Provence
74%
ATP Masters 1000 Outdoor Hard Western & Southern Open
74%
ATP 250 Outdoor Hard Korea Open
73%
ATP 500 Indoor Hard Swiss Indoors Basel
73%
ATP 500 Grass Terra Wortmann Open
72%
ATP 250 Outdoor Hard Adelaide International II
71%
ATP 500 Indoor Hard Astana Open
71%
ATP 250 Clay Serbia Open
71%
ATP 250 Clay Open Parc Auvergne-Rhone-Alpes Lyon
70%
ATP 500 Outdoor Hard Abierto Mexicano Telcel presentado por HSBC
69%
ATP 250 Outdoor Hard Adelaide International I
69%
ATP 250 Clay BMW Open by American Express
68%
Finals Indoor Hard Intesa Sanpaolo Next Gen ATP Finals
68%
ATP 250 Indoor Hard Sofia Open
68%
ATP 250 Indoor Hard Tel Aviv Watergen Open
65%
ATP 250 Outdoor Hard Tennis Napoli Cup
64%
ATP 250 Clay Gonet Geneva Open
63%
ATP 250 Grass BOSS Open
61%
ATP 250 Outdoor Hard Atlanta Open
58%
ATP 250 Indoor Hard European Open
58%
ATP 250 Clay Cordoba Open
55%
ATP 250 Grass Mallorca Championships
55%
ATP 250 Outdoor Hard San Diego Open
55%
ATP 250 Clay Grand Prix Hassan II
52%
ATP 250 Clay Millenium Estoril Open
52%
ATP 250 Outdoor Hard Winston-Salem Open
47%
ATP 250 Clay EFG Swiss Open Gstaad
46%
ATP 250 Indoor Hard Open Sud de France - Montpellier
45%
ATP 250 Grass Rothesay International
45%
ATP 250 Indoor Hard UniCredit Firenze Open
45%
ATP 250 Clay Nordea Open
42%
ATP 250 Indoor Hard Moselle Open
41%
ATP 250 Clay Plava Laguna Croatia Open Umag
41%
ATP 250 Outdoor Hard Delray Beach Open by VITACOST.com
38%
ATP 250 Outdoor Hard Abierto de Tenis Mifel
37%
ATP 250 Clay Generali Open
35%
ATP 250 Outdoor Hard Tata Open Maharashtra
32%
ATP 250 Grass Infosys Hall of Fame Open
32%
Team Event Outdoor Hard ATP Cup
29%
ATP 250 Grass Libema Open
28%
Team Event Indoor Hard Laver Cup
26%
ATP 250 Indoor Hard Gijon Open
19%
No matching quizzes found
Score Distribution
Percent of People with Each Score
Percentile by Number Answered
Your Score History
You have not taken this quiz